MARC
| LEADER | 00000 a a2200000 04500 | ||
|---|---|---|---|
| 001 | 18692 | ||
| 003 | |||
| 040 | |||
| 245 | |a ¿Una jornada de trabajo decente ? | ||
| 650 | |a HORARIO VARIABLE DE TRABAJO | ||
| 650 | |a CONDICIONES DE TRABAJO | ||
| 650 | |a CAMBIO SOCIAL | ||
| 650 | |a PAISES DESARROLLADOS | ||
| 773 | |g número 57; páginas 29-32 | ||
| 999 | |c 28986 |d 28986 | ||
